Voca anglais - les fruits - Statistiques

Statistiques générales
  • Ce quiz a été pris 700 fois
  • Le résultat moyen est 19 sur 32
Statistiques - réponses
Hint Réponse % Correct
Pomme Apple
99%
Banane Banana
97%
Orange Orange
96%
Fraise Strawberry
93%
Cerise Cherry
88%
Pêche Peach
88%
Citron Lemon
86%
Noix de coco Coconut
83%
Melon Melon
83%
Pastèque Watermelon
82%
Kiwi Kiwi
81%
Poire Pear
81%
Ananas Pineapple
81%
Mangue Mango
70%
Raisin Grape
66%
Abricot Apricot
56%
Myrtille Blueberry
53%
Citron vert Lime
53%
Fruit de la passion Passion fruit
52%
Citrouille Pumpkin
52%
Framboise Raspberry
52%
Papaye Papaya
44%
Figue Fig
43%
Mandarine Mandarin
41%
Mûre Blackberry
40%
Datte Date
28%
Pamplemousse Grapefruit
20%
Prune Plum
15%
Cassis Blackcurrant
12%
Litchi Lychee
10%
Grenade Pomegranate
9%
Groseille Redcurrant
9%
Aucun quiz correspondant
Distribution des résultats
% des personnes avec chaque résultat
Percentile par nombre de réponses
Votre historique - résultats
Vous n’avez pas pris ce quiz